000 00694nam a2200289Ia 4500
005 20260324143013.0
008 008 260324s9999 xx 000 0 eng d
020 _a9781315845258
037 _aEBOOK
040 _aCRL
040 _beng
040 _cCRL
041 _2eng
041 _aeng
084 _qCRL
100 _aD.J. Walmsley; G.J. Lewis
_91214040
245 0 _aPeople and Environment
245 0 _bBehavioural Approaches in Human Geography
260 _bTaylor and Francis
260 _c1993
365 _a
365 _b275
856 _uhttp://www.taylorfrancis.com/books/9781315845258
942 _cEBOOK
999 _c1818899
_d1818899